[Event "CHN-chT"]
[Site "China"]
[Date "2017.07.29"]
[Round "11.2"]
[White "Zhou, Weiqi"]
[Black "Gao, Rui"]
[Result "1-0"]
[WhiteElo "2606"]
[BlackElo "2543"]
[PlyCount "87"]
[EventDate "2017.04.18"]
[EventType "team-tourn"]
[EventRounds "22"]
[EventCountry "CHN"]
[SourceTitle "EXT 2018"]
[Source "ChessBase"]
[SourceDate "2017.10.13"]
[SourceVersion "1"]
[SourceVersionDate "2017.10.13"]
[SourceQuality "1"]
[WhiteTeam "Chongqing"]
[BlackTeam "Hangzhou"]
[WhiteTeamCountry "CHN"]
[BlackTeamCountry "CHN"]

1. Nf3 d5 2. g3 Nf6 3. Bg2 g6 4. c4 dxc4 5. Qa4+ Bd7 ({RR} 5... Nfd7 6. Qxc4 Bg7 7. O-O O-O 8. d3 c5 9. Nc3 Nc6 10. Be3 b6 11. Qh4 Bb7 12. d4 cxd4 13. Nxd4 Nxd4 14. Bxd4 Bxg2 15. Kxg2 Nf6 16. Rfd1 Qc7 17. Rac1 Qb7+ 18. f3 Rfd8 19. Qf4 Rac8 20. Qe3 {Grischuk,A (2777)-Aronian,L (2773) chess24.com INT 2020 0-1 (97)}) ({RR} 5... Nfd7 6. h4 Nc6 7. Qxc4 Bg7 8. Nc3 Nb6 9. Qb3 h6 10. d3 O-O 11. O-O e5 12. Ne4 a5 13. Bd2 Bg4 14. Qd1 Nd5 15. Rc1 Nd4 16. Nxd4 exd4 17. Qb3 c6 18. Qxb7 Bxe2 19. Rfe1 Bxd3 20. Nc5 {Keymer,V (2738)-Ding Liren (2762) Karlsruhe GER 2024 1-0 (31)}) 6. Qxc4 Nc6 $146 ({RR} 6... c6 7. O-O Bg7 8. Qc2 O-O 9. Nc3 Na6 10. a3 Re8 11. d3 Nc7 12. e4 e5 13. Be3 Bg4 14. Rfd1 Ne6 15. h3 Bxf3 16. Bxf3 Nd4 17. Bxd4 exd4 18. Ne2 Nd7 19. Bg2 Qc7 20. f4 Rad8 21. Rac1 {Cselenyi,B-Kaibas,E Aggtelek 1997 ½-½}) ({RR} 6... Bc6 7. Nc3 Bg7 8. Ne5 O-O 9. Nxc6 Nxc6 10. Bxc6 bxc6 11. Qxc6 e6 12. O-O Nd5 13. d3 Rb8 14. Nxd5 exd5 15. e3 h5 16. d4 Rb6 17. Qc2 h4 18. Qe2 Qd7 19. b3 f5 20. Ba3 Rf7 21. Bc5 {Rahman,Z (2515)-Vidarte Morales,A (2323) Sitges 2014 ½-½ (53)}) 7. Nc3 Bg7 8. d3 Qc8 9. O-O Be6 10. Qa4 Bd7 11. Qa3 Bh3 12. Bg5 Bxg2 13. Kxg2 O-O 14. Rac1 Rd8 15. Rc2 Nd5 16. Nxd5 Rxd5 17. Rfc1 e6 18. Bd2 a5 19. Rc4 Ra6 20. Be3 Rd7 21. h4 Qa8 22. Qb3 a4 23. Qc2 h5 24. Kg1 Ne5 25. Nxe5 Bxe5 26. g4 hxg4 27. Rxg4 Bg7 28. Qd2 Ra5 29. Rcc4 a3 30. b3 c6 31. Ra4 Rxa4 32. Rxa4 Qd8 33. Qa5 Qf6 34. Kg2 Kh7 35. Qa8 b5 36. Rf4 Qe7 37. Qxc6 Rd5 38. Re4 Rh5 39. Bg5 Qa7 40. Qe8 Qb7 41. f3 Bh6 42. Rf4 f5 43. Rd4 Bg7 44. Rd8 1-0

[Event "Titled Tuesday intern Qual3 18th April"]
[Site "Chess.com INT"]
[Date "2017.04.18"]
[Round "1"]
[White "Ponkratov, Pavel"]
[Black "Sebenik, Matej"]
[Result "1-0"]
[WhiteElo "2595"]
[BlackElo "2546"]
[PlyCount "55"]
[EventDate "2017.04.18"]
[EventType "swiss (blitz)"]
[EventRounds "10"]
[EventCountry "USA"]
[SourceTitle "EXT 2021"]
[Source "ChessBase"]
[SourceDate "2020.10.23"]
[SourceVersion "1"]
[SourceVersionDate "2020.10.23"]
[SourceQuality "1"]

1. Nf3 Nf6 2. b3 d6 3. Bb2 e5 4. e3 g6 5. d4 exd4 6. Nxd4 Bg7 7. Be2 ({RR} 7. c4 O-O 8. Nc3 Nc6 9. Be2 Re8 10. O-O Bd7 11. Bf3 Qe7 12. Rc1 Rab8 13. Ncb5 Rbc8 14. Nxc6 Bxc6 15. Nxa7 Ra8 16. Nxc6 bxc6 17. Bxc6 Rxa2 18. Bxf6 Bxf6 19. Bxe8 Qxe8 20. Qf3 Be5 21. g3 c6 {Sowinski,P (2469)-Ginzburg,Y (2405) chess.com INT 2024 1-0 (31)}) 7... O-O 8. O-O Nc6 $146 ({RR} 8... Nbd7 9. c4 Re8 10. Nc3 Nc5 11. Bf3 h5 12. h3 Nh7 13. b4 Nd7 14. Be2 Ne5 15. f4 Nc6 16. Nxc6 bxc6 17. Bf3 Bd7 18. Qd2 Qb8 19. a3 a5 20. b5 Qa7 21. Rfe1 Rab8 22. Rab1 Qc5 23. Ne4 {Lopez Ferrando,F-Vasilev,V Spain 1993 1-0 (33)}) ({RR} 8... Re8 9. c4 Nbd7 10. Nc3 Nc5 11. Rc1 c6 12. Bf3 a5 13. Qd2 a4 14. b4 a3 15. Ba1 Nce4 16. Nxe4 Nxe4 17. Qc2 Qe7 18. Rfd1 c5 19. Nb5 Bxa1 20. Rxa1 Bf5 21. Qb3 cxb4 22. Qxb4 Nxf2 23. Kxf2 {Vitenberg,N (2320)-Winslow,E (2150) Chess.com INT 2021 1-0 (56)}) 9. Nxc6 bxc6 10. c4 a5 11. Nc3 Ne4 12. Qc1 Nxc3 13. Bxc3 Bxc3 14. Qxc3 c5 15. a3 Bb7 16. f3 Re8 17. e4 f5 18. Bd3 fxe4 19. fxe4 Bxe4 20. Bxe4 Rxe4 21. Qd3 Re5 22. Rf2 Qd7 23. Raf1 Rae8 24. Qc3 a4 25. bxa4 Qxa4 26. Rf7 R8e7 27. Qf3 Qd7 28. Rg7+ 1-0

[Event "Titled Tuesday intern Qual3 18th April"]
[Site "Chess.com INT"]
[Date "2017.04.18"]
[Round "7"]
[White "Iturrizaga Bonelli, Eduardo"]
[Black "Fier, Alexandr"]
[Result "1-0"]
[WhiteElo "2671"]
[BlackElo "2562"]
[PlyCount "69"]
[EventDate "2017.04.18"]
[EventType "swiss (blitz)"]
[EventRounds "10"]
[EventCountry "USA"]
[SourceTitle "EXT 2021"]
[Source "ChessBase"]
[SourceDate "2020.10.23"]
[SourceVersion "1"]
[SourceVersionDate "2020.10.23"]
[SourceQuality "1"]

1. Nf3 Nf6 2. c4 g6 3. g3 Bg7 4. Bg2 d5 5. O-O c5 ({RR} 5... d4 6. b4 d3 7. Bb2 dxe2 8. Qxe2 O-O 9. d4 c6 10. Nc3 Bg4 11. h3 Bxf3 12. Bxf3 e6 13. Rfd1 Nbd7 14. a4 Re8 15. Bg2 Qc7 16. Rac1 Rad8 17. Qc2 Bh6 18. Rb1 a6 19. Qb3 e5 20. d5 {Carlsen,M (2859)-Vachier Lagrave,M (2736) chess.com INT 2022 ½-½ (45)}) ({RR} 5... d4 6. b4 O-O 7. Bb2 c5 8. bxc5 Nc6 9. d3 Nd7 10. Ba3 Re8 11. h4 h6 12. Qc1 e5 13. Nbd2 f5 14. Rb1 e4 15. dxe4 fxe4 16. Ne1 Nf6 17. f3 e3 18. Ne4 Nxe4 19. fxe4 Be5 20. Rf4 {Lubbe,N (2443)-Fier,A (2562) Bremen 2020 0-1 (38)}) 6. cxd5 Nxd5 7. a3 $146 ({RR} 7. Nc3 Nxc3 8. bxc3 Nc6 9. Bb2 c4 10. Qa4 Be6 11. Nd4 Bxd4 12. cxd4 Bd5 13. e4 {1-0 (13) Kovacs,K (2177)-Marcinczyk,M (2012) Chess.com INT 2021}) ({RR} 7. Nc3 Nc7 8. b3 Nc6 9. Bb2 O-O 10. Rc1 Rb8 11. d3 b6 12. Qd2 Bb7 13. Rfd1 Nd4 14. Nxd4 Bxg2 15. Kxg2 cxd4 16. Ne4 Nd5 17. Rc4 e5 18. Rdc1 f5 19. Ng5 Qe7 20. Rc6 h6 21. Ne6 Rf6 {Kostiukov,A (2271)-Desideri,R (1962) chess.com INT 2024 0-1 (35)}) 7... Nc6 8. Qc2 b6 9. d4 O-O 10. e4 Nf6 11. d5 Na5 12. Nc3 c4 13. Bf4 Nd7 14. Rad1 Nc5 15. Be3 Ncb3 16. Rfe1 Bb7 17. e5 Rc8 18. h4 Nc5 19. Bxc5 Rxc5 20. Ng5 Nb3 21. f4 Rc8 22. h5 Nc5 23. hxg6 hxg6 24. Bh3 Nd3 25. Bxc8 Nxe1 26. Rxe1 Qxc8 27. Qh2 Rd8 28. e6 Qc5+ 29. Kf1 Bxd5 30. Nxd5 Qxd5 31. exf7+ Kf8 32. Qh7 e5 33. Qg8+ Ke7 34. f8=Q+ Bxf8 35. Rxe5+ 1-0

[Event "Reykjavik op"]
[Site "Reykjavik"]
[Date "2017.04.22"]
[Round "5"]
[White "Almasi, Zoltan"]
[Black "Ramirez Alvarez, Alejandro"]
[Result "1-0"]
[WhiteElo "2696"]
[BlackElo "2555"]
[PlyCount "107"]
[EventDate "2017.04.19"]
[EventType "swiss"]
[EventRounds "10"]
[EventCountry "ISL"]
[SourceTitle "CBM 178 Extra"]
[Source "ChessBase"]
[SourceDate "2017.06.22"]
[SourceVersion "1"]
[SourceVersionDate "2017.06.22"]
[SourceQuality "1"]

1. Nf3 d5 2. g3 g6 3. c4 dxc4 4. Na3 Bg7 5. Nxc4 Nc6 6. d3 e5 7. Bd2 Nge7 8. Bg2 Be6 ({RR} 8... O-O 9. b4 e4 10. dxe4 Bxa1 11. Qxa1 f6 12. b5 Nb8 13. Bh6 Rf7 14. O-O Be6 15. Rd1 Qe8 16. Ne3 a6 17. e5 axb5 18. exf6 Rxa2 19. Qb1 Nec6 20. Ng5 Ra5 21. Nxe6 Qxe6 22. Bd5 Qxf6 23. Ng4 {Zeller,F (2322)-Semling,J (2213) Germany GER 2025 1-0}) ({RR} 8... a5 9. h4 h6 10. Qc1 Be6 11. O-O Qd7 12. Re1 f6 13. Be3 Nd5 14. Nfd2 Nce7 15. Bc5 b6 16. Bxe7 Kxe7 17. d4 exd4 18. Nb3 Nb4 19. Rd1 Qb5 20. Na3 Qe5 21. Nxd4 Rad8 22. Nab5 Bd7 23. f4 {Almasi,Z (2682)-Rodshtein,M (2682) Hungary 2018 1-0}) 9. Bc3 f6 10. O-O O-O 11. Ncd2 $146 ({RR} 11. b3 Qd7 12. Rc1 a5 13. Qd2 a4 14. b4 Nd5 15. b5 Na7 16. b6 Nxb6 17. Nxb6 cxb6 18. a3 Rfc8 19. Qe3 Nb5 20. Bb2 Bf8 21. d4 exd4 22. Nxd4 Rxc1 23. Rxc1 Nxd4 24. Bxd4 Bxa3 25. Qxa3 Qxd4 {Czebe,A (2374)-Rios,C (2505) Bhopal 2019 0-1 (33)}) 11... Nd5 12. Ne4 Qe7 13. Qa4 Kh8 14. Bd2 Nb6 15. Qc2 Rad8 16. Nc5 Bc8 17. a3 Nd5 18. e4 Nb6 19. Rfc1 f5 20. b4 f4 21. b5 Nd4 22. Nxd4 exd4 23. Nb3 Be5 24. Bb4 Qg5 25. Bxf8 Rxf8 26. Qd2 Qh5 27. Rc5 Nd7 28. Rxe5 Nxe5 29. Nxd4 Bh3 30. Bh1 Kg8 31. Rc1 Rd8 32. Qc3 c6 33. bxc6 bxc6 34. Qb3+ Kg7 35. Qc3 Kg8 36. Qb3+ Kg7 37. Qb4 Rd7 38. Qc3 Kg8 39. Qb3+ Kg7 40. Qc3 Kg8 41. Qb3+ Kg7 42. Qb2 Kh6 43. Nf5+ Bxf5 44. Qxe5 fxg3 45. hxg3 Bg4 46. Qf4+ Kg7 47. Rxc6 Rxd3 48. Rc7+ Rd7 49. Bf3 Qa5 50. Rxd7+ Bxd7 51. Qd6 Bb5 52. Kg2 a6 53. e5 Qe1 54. Qf6+ 1-0

[Event "Fufeng BRICS Masters 1st"]
[Site "Fufeng"]
[Date "2017.04.24"]
[Round "4"]
[White "Ganguly, Surya Shekhar"]
[Black "Motylev, Alexander"]
[Result "1-0"]
[WhiteElo "2640"]
[BlackElo "2658"]
[PlyCount "79"]
[EventDate "2017.04.23"]
[EventType "tourn (rapid)"]
[EventRounds "9"]
[EventCountry "CHN"]
[EventCategory "14"]
[SourceTitle "CBM 178 Extra"]
[Source "ChessBase"]
[SourceDate "2017.06.22"]
[SourceVersion "1"]
[SourceVersionDate "2017.06.22"]
[SourceQuality "1"]

1. Nf3 d5 2. g3 c6 3. Bg2 Bg4 4. O-O Nd7 5. d3 e6 6. h3 Bxf3 ({RR} 6... Bh5 7. e4 Bd6 8. exd5 cxd5 9. c4 Ne7 10. Nc3 O-O 11. cxd5 exd5 12. g4 Bg6 13. Nh4 Nb6 14. a4 a5 15. f4 f5 16. Be3 Bf7 17. Nxf5 Nxf5 18. gxf5 Be7 19. Bd4 Bf6 20. Be5 Nc8 21. Nb5 {Fressinet,L (2700)-Ponomariov,R (2712) Huaian 2016 1-0 (77)}) ({RR} 6... Bh5 7. e4 Bd6 8. exd5 cxd5 9. c4 Ngf6 10. Nc3 dxc4 11. dxc4 Be7 12. g4 Bg6 13. Nh4 Qc8 14. b3 O-O 15. Qf3 Rb8 16. Bf4 e5 17. Bg3 Bc5 18. Nxg6 hxg6 19. Rad1 Re8 20. Rfe1 a6 21. h4 {Ganguly,S (2640)-Zhao,Z (2539) Canberra 2017 ½-½ (88)}) 7. Bxf3 Bc5 8. Nc3 $146 ({RR} 8. e4 Ne7 9. Qe2 O-O 10. Bg2 Qc7 11. Kh2 Rae8 12. f4 f5 13. e5 g5 14. Nd2 gxf4 15. gxf4 Ng6 16. Nf3 h6 17. h4 Qd8 18. Qe1 Be7 19. Kh3 Rf7 20. h5 Nh8 21. Nd4 Bc5 22. c3 Rg7 {Shevchenko,K (2633)-Abel,D (2451) Mali Losinj 2021 1-0 (71)}) ({RR} 8. Bg2 Ne7 9. e4 O-O 10. Nd2 a5 11. a4 Qc7 12. Kh1 f5 13. Qe2 dxe4 14. Nb3 Bd6 15. dxe4 f4 16. e5 Bxe5 17. gxf4 Bd6 18. Nd4 Nc5 19. Nxe6 Nxe6 20. Qxe6+ Kh8 21. Bd2 Ng6 22. Rae1 Nxf4 {Kramnik,V (2753)-Svane,F (2636) chess.com INT 2024 ½-½ (61)}) ({RR} 8. e4 Ne7 9. Qe2 O-O 10. Bg2 Qc7 11. Kh2 Rae8 12. f4 f5 13. e5 g5 14. Nd2 gxf4 15. gxf4 Ng6 16. Nf3 h6 17. h4 Qd8 18. Qe1 Be7 19. Kh3 Rf7 20. h5 Nh8 21. Nd4 Bc5 22. c3 Rg7 {Shevchenko,K (2633)-Abel,D (2451) Mali Losinj 2021 1-0 (71)}) 8... Ne7 9. d4 Bb6 10. e4 O-O 11. Bg2 a6 12. Re1 Re8 13. Bf4 Ba7 14. Qd2 b5 15. Rad1 Rc8 16. h4 Kh8 17. h5 Ng8 18. a3 h6 19. Qe2 Nb6 20. Qf3 Nd7 21. Bh3 Ngf6 22. Bc1 Kg8 23. Bg2 Qc7 24. e5 Nh7 25. b4 Nb6 26. Bf1 Nc4 27. Bd3 Ng5 28. Bxg5 hxg5 29. Bxc4 bxc4 30. Qg4 Qe7 31. Ne2 f5 32. exf6 Qxf6 33. f4 gxf4 34. Nxf4 Bxd4+ 35. Kg2 e5 36. Ng6 Kh7 37. Rf1 Qd6 38. Rf7 Rc7 39. Ne7 Qh6 40. Qf5+ 1-0

[Event "RUS-chT 24th"]
[Site "Sochi"]
[Date "2017.05.10"]
[Round "7.2"]
[White "Kamsky, Gata"]
[Black "Dubov, Daniil"]
[Result "1-0"]
[WhiteElo "2676"]
[BlackElo "2660"]
[PlyCount "61"]
[EventDate "2017.05.01"]
[EventType "team-swiss"]
[EventRounds "7"]
[EventCountry "RUS"]
[SourceTitle "CBM 178"]
[Source "ChessBase"]
[SourceDate "2017.05.14"]
[SourceVersion "1"]
[SourceVersionDate "2017.05.14"]
[SourceQuality "1"]
[WhiteTeam "Tatarstan Rook"]
[BlackTeam "Moscow Legacy Square"]
[WhiteTeamCountry "RUS"]
[BlackTeamCountry "RUS"]

1. Nf3 c5 2. b3 Nc6 3. Bb2 d5 4. e3 a6 5. d4 Bg4 6. Be2 Bxf3 ({RR} 6... e6 7. O-O cxd4 8. Nxd4 Bxe2 9. Qxe2 Nf6 10. Nd2 Bd6 11. c4 Nxd4 12. Bxd4 O-O 13. cxd5 Nxd5 14. Rfd1 Qh4 15. Nf3 Qh5 16. Qb2 Qg6 17. Bxg7 Rfc8 18. Be5 Rc2 19. Qd4 Bc5 20. Qd3 Qxd3 21. Rxd3 {Jagodzinski,P (2223)-Meshkovs,N (2539) chess.com INT 2025 0-1 (87)}) 7. Bxf3 cxd4 8. exd4 g6 $146 ({RR} 8... Nf6 9. O-O g6 10. c4 Bg7 11. c5 O-O 12. Re1 b6 13. Nc3 e6 14. Na4 bxc5 15. dxc5 Rb8 16. Qe2 a5 17. Rad1 Re8 18. h3 Nd7 19. Bc1 Nde5 20. Qe3 Rb4 21. Bd2 Rd4 22. Bc3 Nxf3+ 23. Qxf3 {Kuzhilniy,O (2220)-Gurevich,D (2393) chess.com INT 2023 ½-½ (74)}) ({RR} 8... e6 9. O-O Nf6 10. c4 Be7 11. Na3 O-O 12. Nc2 Qd7 13. Qe2 Rfd8 14. Rfd1 Bf8 15. Ne3 g6 16. a3 a5 17. Rac1 Ne7 18. g3 Bg7 19. Rc2 a4 20. b4 dxc4 21. Nxc4 Nfd5 22. Ne5 Qe8 23. Be4 {Artemiev,V (2716)-Carlsen,M (2863) chess24.com INT 2020 ½-½ (78)}) ({RR} 8... Nf6 9. O-O e6 10. c4 Bd6 11. Nd2 Qc7 12. g3 O-O 13. a3 Rab8 14. c5 Be7 15. b4 b5 16. Re1 a5 17. Bc3 a4 18. Bg2 Ne8 19. f4 Qd7 20. Qe2 Nc7 21. Nf3 g6 22. Ne5 Nxe5 23. dxe5 {Brandl,R (2240)-Gottsmann,H (2110) Werfen 1991 ½-½ (76)}) 9. c4 Nf6 10. Nc3 dxc4 11. bxc4 Bg7 12. Na4 O-O 13. O-O Nd7 14. Rb1 Qc7 15. Re1 Rfe8 16. d5 Nce5 17. Bxe5 Nxe5 18. c5 Rad8 19. g3 Qa5 20. Bg2 Nd7 21. Qc2 Nxc5 22. Nxc5 Rc8 23. Rec1 Bd4 24. Nxb7 Rxc2 25. Nxa5 Rxa2 26. Nc6 Bxf2+ 27. Kh1 h5 28. Rb7 Re2 29. Bf1 Re3 30. Bc4 Re4 31. d6 1-0

[Event "RUS-chT2"]
[Site "Sochi"]
[Date "2017.05.04"]
[Round "4.1"]
[White "Yuffa, Daniil"]
[Black "Gabrielian, Artur"]
[Result "1-0"]
[WhiteElo "2510"]
[BlackElo "2525"]
[Annotator "Yuffa,Daniil"]
[PlyCount "115"]
[EventDate "2017.05.01"]
[EventType "team-swiss"]
[EventRounds "9"]
[EventCountry "RUS"]
[SourceTitle "CBM 179"]
[Source "ChessBase"]
[SourceDate "2017.07.12"]
[SourceVersion "1"]
[SourceVersionDate "2017.07.12"]
[SourceQuality "1"]
[WhiteTeam "Togliatti Bukavshin"]
[BlackTeam "Chechen Republic"]
[WhiteTeamCountry "RUS"]
[BlackTeamCountry "RUS"]

{I knew that my opponent is a well-known theoretican and I didn't want to check whether he knows any line in the Grünfeld or Benoni. In other words, I wanted to fight from the very beginning of the game.} 1. Nf3 c5 2. g3 {Inviting d5} Nc6 3. Bg2 g6 4. O-O Bg7 5. d3 {Vladimir Kramnik's move. Fabiano Caruana has played c3, d4 and e4 there but I was hoping that my opponent wanted to play ...d5 somewhere and transpose to a reversed King's Indian.} d6 6. e4 Nf6 7. Re1 O-O 8. c3 Bg4 (8... Rb8 {is an option there. In a typical Closed Sicilian position, White has an extra tempo which is not sufficient there. It looks equal after} 9. h3 e5 (9... b5 $5 10. d4 Nd7 11. Be3 b4 12. Nbd2 Ba6 {looks pleasant for Black}) 10. d4 exd4 11. cxd4 cxd4 12. Nxd4 Nxd4 $5 (12... Qb6 13. Nb3 $14 Be6 14. Nc3 a6 $6 15. Be3 Bxb3 16. Qxd6 $16 {E. Inarkiev-Hou Yifan, 2016, 1-0}) 13. Qxd4 Be6 14. Qxa7 Ra8 $1 15. Qxb7 Qa5 16. Bd2 Qh5 17. g4 Qh4 $44 {White has to be patient in order not to lose immediately.}) 9. Nbd2 Qc8 (9... Rb8 10. h3 Bxf3 (10... Bd7 $5 {less logical, but the PC prefers this continuation.} {After} 11. a4 (11. d4 $6 {is hurried:} b5 $2 (11... cxd4 {most principled and strong} 12. cxd4 Qc8 13. e5 dxe5 14. dxe5 Nd5 15. Nb3 Nb6 16. h4 Rd8 $15 {with strong pressure in the centre}) 12. e5 Ne8 13. exd6 exd6 14. dxc5 dxc5 15. Ne4 c4 16. Bf4 Rc8 17. Nc5 $16 {T. Radjabov-R. Ponomariov, 2014, 1-0.}) 11... Qc8 12. Kh2 {The computer says that's dead equality and makes me very curious about this}) 11. Nxf3 Nd7 12. a3 $5 (12. d4 {seems to me less ambitious. Black stays comfortable after} cxd4 13. cxd4 Qb6 14. d5 Nd4 $11) 12... b5 13. d4 a5 14. h4 b4 15. Be3 $14 {The pair of bishops gives White a slight edge.}) 10. a4 ({RR} 10. Nc4 b5 11. Ne3 Bxf3 12. Bxf3 Nd7 13. Nc2 Rb8 14. d4 b4 15. Be3 bxc3 16. bxc3 Qc7 17. Qd2 Rb2 18. Qc1 Rfb8 19. Nb4 cxd4 20. Qxb2 dxe3 21. e5 Nxb4 22. cxb4 Nxe5 {0-1 (22) Toulzac,P (2088)-Degraeve,J (2480) Saint-Affrique FRA 2024}) 10... Ne5 $146 11. Qc2 Nxf3+ 12. Nxf3 Nd7 $146 ({During the game I marked this move as inaccurate.} 12... e5 $5 13. Nd2 Be6 14. Nc4 Nxe4 $1 15. Bxe4 (15. Rxe4 d5 16. Rxe5 dxc4 17. Re1 Bf5 18. Be4 Bxe4 19. dxe4 (19. Rxe4 cxd3 20. Qxd3 Rd8 21. Qe2 Qc6) 19... Rd8 $11 {followed by ...d3}) 15... d5 16. Bxg6 hxg6 17. Nxe5 Re8 $44) ({RR} 12... Bh3 13. Bxh3 Qxh3 14. d4 cxd4 15. cxd4 Ng4 16. Qd3 f5 17. e5 dxe5 18. dxe5 Rac8 19. Bf4 h6 20. Rac1 g5 21. Rxc8 Rxc8 22. Qxf5 Rf8 23. Qe6+ Kh8 24. Qxe7 gxf4 25. Qh4 Qxh4 26. Nxh4 Kh7 27. gxf4 {Sundell,B (2099)-Unander,M (2007) Ostersund 2019 0-1 (31)}) 13. Nd2 Nf6 ({The machine advises playing} 13... Nb8 14. f4 Bh3 {telling us that it is an equal position. It's difficult to complain, but from my point of view White has slightly more chances because of his advantage in space and attacking ideas on the kingside.}) 14. e5 dxe5 15. Rxe5 {A typical King's Indian structure - what I wanted to have in this game. My idea was to push the a-pawn and exert pressure on c5 along with the h1-a8 diagonal.} Re8 16. a5 Nd7 ({In this position I relied on my intuition and didn't calculate at all. If} 16... Bf5 17. Nc4 Ng4 18. Re1 Rd8 19. Qa4 $1 Bxd3 20. Bf4 Bf6 21. h3 g5 22. Bc1 Bxc4 23. Qxc4 Ne5 24. Rxe5 Bxe5 25. Bxg5 $36 {gives White a dangerous initiative.}) 17. Re1 Ne5 18. f4 Nc6 19. Ne4 b6 {Now it's time to make it forced.} 20. axb6 axb6 21. Rxa8 Qxa8 22. Qb3 Qb8 23. Ng5 Nd8 24. Qb5 Ne6 25. h3 Nc7 26. Qb3 Be6 27. Nxe6 Nxe6 28. Bd5 {The bishop pair and the a-file should give White good winning chances, but it's not easy to convert the advantage into a full point.} ({A few moves before this I thought I'd have a choice between the move in the game and} 28. Bc6 {, but Black has good drawing chances after} Rd8 29. Bd5 Qc8 30. Bxe6 fxe6 31. Qxe6+ Qxe6 32. Rxe6 Rxd3 33. Kf2 b5 34. Be3 (34. Rxe7 b4 35. cxb4 cxb4 36. Rb7 Bxb2 $11) 34... b4 35. Ke2 c4 36. cxb4 Rb3 $11) 28... Nd8 29. Qb5 ({The first inaccuracy. A better move is} 29. Be3 Qd6 30. Bf2 e6 31. Be4 $1 f5 32. Bg2 $16 {A nice example of the pendulum!}) 29... Kf8 30. Be3 ({Now it's all wasted.} 30. Bb3 e6 31. Be3 Qa7 32. Bd5 $1 $14 {and Black still has some problems} Re7 33. Bg2 e5 34. f5 {and Black has to be precise.}) 30... Qd6 31. Bg2 Ne6 32. Ra1 (32. Qc6 {is safer, because...}) 32... Rd8 (32... g5 $1 {was an opportunity! This move looks incredible, but it works:} 33. f5 Nc7 34. Qc6 Qxg3 35. Bf2 Qf4 36. Qxb6 Be5 37. Bxc5 Qh2+ 38. Kf1 Qf4+ 39. Ke2 Qxf5 40. Rf1 Qe6 41. Qxe6 Nxe6 42. Rf5 (42. Be3 $6 Rb8 $1) 42... Nf4+ 43. Kf3 Nxd3 44. Bf1 Nxc5 45. Rxe5 Ne6 46. Bc4 Rb8 $13 {White has no risk, but it's a big question whether he has anything more than a half point.}) 33. Bf2 (33. Kf2 {was better if I could estimate the power of g5.}) 33... Bf6 {Gives White a hope.} (33... g5 34. fxg5 Be5 35. Kh2 Qxd3 36. Qxd3 Rxd3 37. Re1 Rd2 38. Kg1 Bc7 39. Rb1 c4 40. Be1 Rd8 41. h4 Nc5 $11 {The idea of ...g5 was completely out of my line of sight.}) 34. Be4 h5 35. h4 Bxh4 $6 {That's what I wanted.} (35... Kg7 36. Ra4 Nc7 37. Qb3 Nd5 38. Ra6 Qe6 $11 {Black's position looks like a fortess. White should be patient not to allow some sacrifices on the kingside.}) 36. gxh4 Nxf4 37. Be3 $6 (37. Qc6 Nh3+ 38. Kg2 Qxc6 39. Bxc6 Nxf2 40. Kxf2 Rxd3 41. Ke2 Rd6 (41... Rh3 42. Rh1 Rxh1 43. Bxh1 Ke8 44. Bc6+ Kd8 45. Kd3 f6 46. Bd5 g5 47. hxg5 fxg5 48. Ke4 Kd7 49. Kf5 Kd6 50. Be4 g4 51. Kf4 $1 Ke6 52. Bg6 h4 53. Kxg4 Kd5 54. Bd3 c4 55. Be2 b5 56. Bf3+ $18 {An incredibly difficult variation to find, but it leads to a point}) 42. Be4 {with better chances.}) 37... Nxd3 $2 {Missing the draw in time trouble. We both had less than a minute and could not calculate at all.} (37... Ne2+ 38. Kf1 Qh2 39. Bf2 Nf4 (39... Ng3+ $1 {is also good because} 40. Bxg3 Qxg3 41. Ra8 Rxa8 42. Bxa8 Qf4+ 43. Ke2 Qh2+ {and White can't play d1 or e3 because of ...xh4.} 44. Kf1 Qf4+ $11) 40. Qxb6 Qh3+ 41. Ke1 Nxd3+ 42. Bxd3 Rxd3 43. Qb8+ Kg7 44. Qe5+ Kh7 45. Qxe7 {but surprisingly this is a dead draw} Qh1+ 46. Ke2 Qf3+ 47. Ke1 c4 48. Bd4 Qh1+ 49. Ke2 $11) 38. Bh6+ (38. Qxd3 $4 Qg3+ $19) 38... Kg8 39. Qxd3 Qxd3 40. Bxd3 Rxd3 41. Ra7 {Not an obvious mistake...} ({As it turns out later, it was important to save the h-pawn:} 41. Ra8+ Kh7 42. Bf8 Rd1+ 43. Kf2 Rd2+ 44. Ke3 Rxb2 45. Bxe7 Kg7 46. Rb8 Rb5 47. Ke4 $18) 41... Rh3 42. Rxe7 Rxh4 43. Rb7 Rg4+ 44. Kh2 g5 45. Rxb6 Rh4+ 46. Kg3 Rg4+ 47. Kf3 Rf4+ 48. Ke3 Rg4 ({I thought I was winning after} 48... f6 49. Bxg5 fxg5 50. Rg6+ Kf7 51. Rxg5 Rf1 52. Rxh5 $1 (52. Rxc5 $2 Kg6 53. b4 h4 54. Rc8 Kg5 55. Rg8+ Kh5 56. c4 Rb1 57. b5 h3 58. Kd4 Kh4 59. Kc5 h2 60. b6 h1=Q 61. Rh8+ Kg5 62. Rxh1 Rxh1 63. b7 Rb1 $11) 52... Rb1 53. Rxc5 Rxb2 54. Re5 Rb8 55. Kd4 Rd8+ 56. Kc5 {In this position I stopped my calculation, I remembered that 2 files should be enough to push the pawn with the support of the rook. The black king is out of the action.} Rc8+ 57. Kb4 Rb8+ 58. Ka5 Rc8 59. Re3 Kf6 60. Kb5 Rb8+ 61. Kc6 Rb3 (61... Rc8+ 62. Kd6) 62. Kd5 Kf5 63. Kd4 Rb8 64. c4 Rd8+ 65. Kc3 Rc8 66. Re2 Kf6 67. Kb4 Rb8+ 68. Ka4 Rc8 69. Kb5 Rb8+ 70. Ka6 Rc8 71. Rc2 Ke6 72. Kb6 $18 {etc.}) 49. Rf6 $2 {Natural, but gives Black a chance to escape.} ({The engine advises} 49. Rb8+ Kh7 50. Bf8 c4 51. Rb6 h4 52. Rf6 Kg8 (52... Rg2 53. Ke4 Rxb2 54. Kf5 h3 55. Rh6+ Kg8 56. Be7 Kg7 57. Rxh3 Rb5+ 58. Ke4 Kg6 59. Rh8 $18 {Taking the c-pawn and speculating with a bishop sacrifice in order to connect the pawns.}) 53. Bd6 Rg2 54. Be5 {Still, I have some doubts about the exact evaluation, but it clearly has to be difficult for Black.}) 49... h4 50. Kf3 Rg3+ 51. Kf2 Kh7 {A game-deciding mistake.} ({We could share a point after} 51... Rg4 52. Rf5 f6 53. Rxf6 h3 54. Rg6+ Kh7 55. Rxg5 Rh4 {that is what we both had missed} 56. Kg1 Kxh6 57. Rxc5 Rg4+ 58. Kh1 Rg2 59. b4 Rb2 60. Re5 Rc2 61. Re3 h2 62. b5 Kg5 $11 {Heading for the pawns.}) 52. Bf8 Rd3 53. Bxc5 Rd2+ 54. Kf3 Rxb2 55. Bd4 Rc2 56. Kg4 Rg2+ 57. Kh5 Kg8 58. Rd6 {The f6 guillotine is coming next. Black resigns.} 1-0